02497nam a2200361 i 4500001000700000003000700007005001700014007000300031008004100034017005300075020001800128035002200146035001300168040003900181080002100220100004800241245007900289250004100368264003800409300002700447336002200474337003000496338002400526490002300550530109000573655002001663830003101683852016601714903003801880942001801918999001901936952018001955193208SpMaBN20250804062654.0ta231004s2018 sp | |||| 000 f spa  aB 23197-2018bOficina Depósito Legal Barcelona a9788432234446 a(OCoLC)1091709581 aa6419155 aSpMaBNbspacSpMaBNerdadES-MaACL a821.134.2-31"19"1 aMontero, Rosa,d1951-0XX968899eaut98250314aLos tiempos del odio :b[sin amor no merece la pena vivir] /cRosa Montero aPrimera edición: noviembre de 2018 1a[Barcelona] :bSeix Barral,c2018 a399 páginas ;c23 cm aTexto2rdacontent asin mediación2rdamedia avolumen2rdacarrier1 aBiblioteca furtiva 3Independiente, poco sociable, intuitiva y poderosa, la detective replicante Bruna Husky sólo tiene un punto vulnerable: su gran corazón. Cuando el inspector Lizard desaparece sin dejar rastro, la detective se lanza a una búsqueda desesperada y contrarreloj del policía. Su investigación la lleva a una colonia remota de Nuevos Antiguos, una secta que reniega de la tecnología, así como a rastrear los orígenes de una oscura trama de poder que se remonta al siglo xvi. Mientras tanto, la situación del mundo se hace más y más convulsa, la crispación populista aumenta y la guerra civil parece inevitable. Bruna tendrá que hacer frente a su mayor temor, la muerte, en una historia que es un certero y deslumbrante retrato de los tiempos en que vivimos. Los tiempos del odio es una novela intensa y de acción trepidante, en la que están presentes los grandes temas de Rosa Montero: el paso del tiempo, la necesidad de los otros para que la vida merezca la pena, la pasión como rebelión frente a la muerte, los excesos del poder y el horror de los dogmas. 0aNovelas9234319 9224604aBiblioteca furtiva aES-MaACLbR.1545739200589jN-9395cDEPOJfDonación: Rosa Montero gDedicatoria autógrafa de la autoraxEncuadernación rústica con solapas (incluye faja) aMontero, Rosa,d1951-ednr982503 n0cMONOGRAFIA c193208d193208 00102udc40708LibrosdedicadosaATENEOMbATENEOMcDEPOJd2023-10-04eDONACIONj1l0oN-9395p101205884r2023-10-04 00:00:00yMONOGRAFIAzDedicatoria autógrafa de la autora